Normale Ansicht MARC-Ansicht ISBD

Engagiert im Ehrenamt. (Titelsatznr. 372379)

[ MARC ]
MARC-Details
000 -Satzkennung
Kontrollfeld mit fester Länge 00720nab a2200217 4500
001 - Kontrollnummer
Kontrollfeld 243149
003 - Kontrollnummer Identifier
Kontrollfeld OSt
005 - Datum und Zeit der letzten Transaktion
Kontrollfeld 20230420074859.0
007 - Feld mit fester Länge zur physischen Beschreibung - Allgemeine Information
Kontrollfeld mit fester Länge tu
008 - Feld mit fester Länge zur physischen Beschreibung - Allgemeine Angaben
Kontrollfeld mit fester Länge 190708s2019|||||||
040 ## - Katalogisierungsquelle
Original-Katalogisierungsstelle DE-2950
Übertragungsstelle DE-2950
041 ## - Sprachcode
Sprachcode des Textes/der Tonspur oder des separaten Titels ger
084 ## - Andere Notation
Notation 20. Wirtschaft und Verkehr
245 00 - Titel
Titel Engagiert im Ehrenamt.
Zusatz zum Titel Stefan Hoffmann engagiert sich im IHK-Handelsausschuss.
264 ## - Produktion, Veröffentlichung, Distribution, Herstellung und Urheberrechtsvermerk
Datum der Herstellung, der Veröffentlichung, des Vertriebs oder des Urheberschutzvermerks 2023
500 ## - Allgemeine Fußnote
Allgemeine Fußnote Format: 1
525 ## - Fußnote zu Beilagen
Fußnote zu Beilagen Enthaltene Fotografien: Foto Grundsteinlegung
653 ## - Indexierungsterm - Nicht normiert
Nicht-normierter Term Hoffmann, Stefan; Uhrmachermeister, Frankfurt (Oder)
773 0# - Übergeordnete Einheit
Verknüpfungsangaben 21. Jahrgang, 3/2023, 1.03.2023, S. 11
Titel Forum. Das Brandenburger Wirtschaftsmagazin, Organ der Industrie- und Handelskammer (IHK) Ostbrandenburg
942 ## - Zusätzliche Felder (Koha)
Klassifikation oder Aufstellungssystematik Andere/Generische Klassifikation
Koha-Medientyp Aufsätze
Exemplare
Ausgeschieden Verloren Klassifikation oder Aufstellungssystematik Beschädigt Nicht entleihbar Heimatbibliothek Aufenthaltsbibliothek Aufstellungsort Erwerbungsdatum Anzahl Ausleihen Signatur Letzte Aktivität Preis gültig von Koha-Medientyp
    Andere/Generische Klassifikation     Stadtarchiv Frankfurt (Oder) | Archivbibliothek Stadtarchiv Frankfurt (Oder) | Archivbibliothek Lesesaal 20/04/2023   Z4 20/04/2023 20/04/2023 Aufsätze